000 00390nam a2200145Ia 4500
008 230917s9999||||xx |||||||||||||| ||und||
040 _e103505
_aMAIN
041 _aEnglish
082 _a327.54073 I2I
100 _aKapur, Ashok Kumar, ed
245 0 _aIndia and the united states in a changing world
260 _aNew Delhi
_bSage Publications
_c2002
300 _a560p p.
942 _cBK
999 _c122199
_d122199